000
00293nam a22001337a 4500
008
170704b xxu||||| |||| 00| 0 eng d
020
_a
2901563673664
041
_a
eng
080
_a
82
100
_a
22
101
_a
gjl
245
_a
THE MEANINGS OF DRESS
_c
DAMHORST, M.L
942
_2
udc
_c
BK
999
_c
19879
_d
19879